| 000 | 00734nam a2200253 i 4500 | ||
|---|---|---|---|
| 001 | 000045467 | ||
| 003 | DO-SdBNP | ||
| 005 | 20240515143237.0 | ||
| 007 | ta | ||
| 008 | 150407s2002 dr 000 0 spa d | ||
| 020 | _z9993420336 | ||
| 040 |
_aDO-SdBNP _bspa _cBNPHU _erda |
||
| 082 | 4 | _222 | |
| 100 | 1 |
_aCastro Ventura, Santiago, _91837 _eautor |
|
| 245 | 1 | 0 |
_aAndanzas patrióticas de Luperón / _cSantiago Castro Ventura. |
| 264 |
_aSanto Domingo : _bManatí, _c2002. |
||
| 300 |
_a389 páginas ; _c21 cm. |
||
| 336 |
_2rdacontent _atexto _btxt |
||
| 337 |
_2rdamedia _asin mediación _bn |
||
| 338 |
_2rdacarrier _avolumen _bnc |
||
| 504 | _aBibliografía : p. 379-389 | ||
| 590 | _aInventariado, 2024/BT | ||
| 942 |
_2ddc _cLBS1 |
||
| 999 |
_c44956 _d44956 |
||